| 000 | 00428nam a22001457a 4500 | ||
|---|---|---|---|
| 005 | 20170105102933.0 | ||
| 020 | _a9789698535179 | ||
| 040 | _a1 | ||
| 082 |
_a891.4393 _bKHA 2014 |
||
| 245 |
_aJamal-ul-Imsaal (Urdu) _cKhalique Ahmed Siddiqui |
||
| 260 |
_aIslamabad, Pakistan _bNational University of Sciences and Technology _c2014 |
||
| 300 |
_axiii, 444 p _bIncludes index. |
||
| 650 | _a1. Urdu Adab. 2. Novel | ||
| 942 |
_2ddc _cBK |
||
| 999 |
_c16135 _d16135 |
||